| 000 | 00536nam a2200193Ia 4500 | ||
|---|---|---|---|
| 003 | GCL | ||
| 008 | 140319s9999 xx 000 0 eng d | ||
| 040 |
_aGCL / _cGCL |
||
| 082 | 0 | 4 |
_a532 _bF F |
| 100 | 1 | _aFRANZINE, JOSEPH B | |
| 245 | 1 | 0 |
_aFLUID MECHANICS WITH ENGINEERING APPLICATIONS / _cFRANZINE, JOSEPH B |
| 700 | 1 | _aFINNEMERE, E.J OH | |
| 260 |
_a[S.N] : _bTHE MCGRAW - HILL COMPANIES. ، _c1997 |
||
| 300 | _a807 P | ||
| 650 | 0 | 4 | _aPHYSICS |
| 650 | 0 | 4 | _aMECHANICS ENGINEERING |
| 650 | 0 | 4 | _aFLUID MECHANICS |
| 942 |
_2ddc _cBK |
||
| 999 |
_c15978 _d15978 |
||